Hodnotenie stupňa vyspelosti implementácie manažmentu znalostí v podnikoch v SR diplomová práca
Salvato in:
| Autore principale: | |
|---|---|
| Ente Autore: | |
| Altri autori: | |
| Natura: | Libro |
| Lingua: | slovacco |
| Pubblicazione: |
Bratislava
2016
|
| Tags: |
Nessun Tag, puoi essere il primo ad aggiungerne!!
|
MARC
| LEADER | 00000nbm a2200000 4500 | ||
|---|---|---|---|
| 001 | 0216808 | ||
| 005 | 20170112111846.6 | ||
| 041 | 0 | |a slo | |
| 044 | |a SK | ||
| 245 | 1 | 0 | |a Hodnotenie stupňa vyspelosti implementácie manažmentu znalostí v podnikoch v SR |b diplomová práca |c Michaela Nováková ; školiteľ: Andrej Miklošík |
| 264 | 1 | |a Bratislava |c 2016 | |
| 300 | |a 74 s. | ||
| 100 | 1 | |a Nováková, Michaela, 1977- | |
| 700 | 1 | |a Miklošík, Andrej | |
| 710 | 2 | |a Obchodná fakulta EU. Katedra marketingu | |